000 00936nam a22003377a 4500
001 12793
003 DO-SdBNP
005 20180201113055.0
007 12793
008 000512s1985 sp | ||| ||spa
016 7 _2BPMSU
020 _a8421741012
040 _aBPMSU
_bspa
_cBPMSU
041 1 _aspa
092 _a813.52
_bS819p
100 1 _aSteinbeck, John
_d1902-1968
240 1 4 _aThe pearl
_lEspañol
245 1 3 _aLa perla /
_cJohn Steinbeck ; traducción Francisco Baldiz
250 _316a. ed.
260 _aBarcelona :
_bCaralt,
_c1985
300 _a128 p.:
_c22 cm.
490 0 _aNovela
_v
500 _3Incluye datos biográficos del autor en la contracubierta
650 _aNOVELA NORTEAMERICANA
650 _aLITERATURA NORTEAMERICANA
700 _4Baldiz, Francisco
_atr.
830 0 _v
_aNovela
942 _2ddc
_cBK
945 _aInventariado, 2018/ YL
956 _aYLOCKWARD
_320160330
_b10
_cBPMSU
999 _c9436
_d9436